000 00755nam a2200277Ia 4500
003 OSt
005 20221007112739.0
006 a|||||r|||| 00| 0
007 ta
008 221006b |||||||| |||| 00| 0 eng d
024 _a29,300
037 _cTextual
040 _aLCO
_cLCO
_beng
041 _2eng
_aeng
082 _aZ2,2675, P8
100 _aRoughton Asley
_9708778
245 0 _aModern Law of Trade Marks
250 _a3rd
260 _aNew
_bDelhi Lexis Nexis India
_c2008
300 _a1767
650 _aTRADE MARKS
700 _a Malynicz Simon
_9708779
700 _a Morcom Chritopher
_9708780
942 _hZ2,2675, P8
_cTEXL
999 _c1198863
_d1198863